Gaming Quiz

Random Gaming or Video Games Quiz

Multi-Category Minefield Blitz: Video Games Quiz Stats

 Plays Quiz not verified by Sporcle

Support Sporcle.
Go Orange.
Score 0/25 Timer 01:00
15 Plays Today
% Correct
???
59.8%
???
58.1%
???
55.5%
???
52.1%
???
50.4%
???
50.1%
???
49.5%
???
48.6%
???
47.8%
???
47.2%
???
46.6%
???
46.5%
???
45.7%
% Correct
???
45.2%
???
45.2%
???
43.4%
???
42.8%
???
42.6%
???
42.6%
???
42.6%
???
42.1%
???
41.7%
???
40.6%
???
39.1%
???
33.5%

You're not logged in!

Compare scores with friends on all Sporcle quizzes.
OR
Log In

From the Vault

Periodic Table by Any 2 Letters (Map)

by goc3

You'll have to answer quick on this one. We recommend checking the game timer periodically.
Remove Ads.
Support Sporcle.
Get the best of Sporcle when you Go Orange. This ad-free experience offers more features, more stats, and more fun while also helping to support Sporcle. Thank you for becoming a member.

Show Comments

Extras

Top Quizzes Today


Score Distribution

Your Account Isn't Verified!

In order to create a playlist on Sporcle, you need to verify the email address you used during registration. Go to your Sporcle Settings to finish the process.

Report this User

Report this user for behavior that violates our Community Guidelines.

Details: